01796nam a22003977a 4500003000500000005001700005008004100022010001000063011001000073035001000083040000900093090001000102100004200112245022300154260003900377300001000416502010100426590003700527590004100564590004100605590004100646590004100687590004200728650003100770650003200801650002000833901000700853942000900860949003600869949004800905949004800953999001701001952012601018952012601144952012801270CHAP20220329140422.0971013s1981 r 00010 d a51709 a52681 a56831 cCHAP aTesis00aTreviño Garza, José Luis.9114860 aEvaluación del daño del barrenador de la nuez (Acrobasis nuxvorella Neunzing) y el barrenador del ruezno (Laspeyresia caryana Fitch) en nogal pecanero (Carya illinoensis, Koch) bajo las condiciones de Apodaca, N.L. aMonterrey, N.L. :bEl autor,c1981 a68 h. aTesis (Ing. Agr. Esp. en Parasitología) -- ITESM. Div. de Ciencias Agropecuarias y Marítimas aALEPHb10c20130110lUCH01h1328 aBATCH-UPDb10c20130110lUCH01h0556 aBATCH-UPDb10c20130110lUCH01h2324 aBATCH-UPDb10c20130410lUCH01h0237 aBATCH-UPDb10c20130913lUCH01h1917 aCONVERSIONb10c20130109lUCH01h132814aAcrobasis nuxvorella.972914aLaspeyresia caryana.96502914aPecán.986484 aBK cFOLL bBCcTESd-123958eTS1i56831si bBCcTESd-123959eTS2fc.2h17390i56831si bBCcTESd-123960eTS2fc.3h17422i56831si c51709d51709 00102local4053708TESISaBCbBCcPA_TESISd2012-12-17fTESISl0p-123959r2019-12-31 00:00:00tc.2w2019-12-31yTESIS 00102local4053708TESISaBCbBCcPA_TESISd2019-12-31fTESISl0p-123960r2019-12-31 00:00:00tc.3w2019-12-31yTESIS 00102local4051708TESISaBCbBCcPA_TESISd2019-12-31fTESISl0oTesisp-123958r2019-12-31 00:00:00w2019-12-31yTESIS